000 01256cab a2200301 4500
001 ABS50854
008 090401t1994 xxu||||| |||| 00| 0 eng d
035 _a(Sirsi) u75487
041 _aeng
100 _aSalvesen, D.
245 _aDue diligence screens made easy
260 _c1994
350 _a0
490 _aUrban Land
_v53(6) June 1994, 8-9(2)
520 _aDiscusses the growing trend in the United States for developers and lenders to perform a due diligence test of Phase I audit finalising a real estate deal. A quicker, less rigorous information gathering process, a transaction screen, is conducted for smaller properties. Sophisticated environmental databases provide the exact location and profile of all known US sites contaminated with hazardous wastes etc. Summarises details of the three largest environmental database companies.
650 _aCONTAMINATED LAND
650 _aContamination
_96231
650 _aDUE DILIGENCE TESTS
650 _aENVIRONMENTAL AUDITS
650 _aHAZARDOUS WASTES
650 _aPHASE ONE AUDIT
650 _aTRANSACTION SCREEN
650 _aUNITED STATES
690 _aENVIRONMENTAL AND LAND CONSULTANCY
690 _aOVERSEAS-NORTH AMERICA
942 _n0
948 _c04/03/1997
999 _c47510
_d47510